Quiz dessins animés 2000 - 2010 - Statistiques

Statistiques générales
  • Ce quiz a été pris 2 202 fois
  • Le résultat moyen est 12 sur 16
Statistiques - réponses
Par images Réponse % Correct
Les Dalton
98%
Marsupilami
92%
Oggy et les cafards
92%
Les Winx
88%
Les Zinzins de l'espace
88%
Zig et Sharko
88%
Dragons
79%
Les Super Nanas
78%
Cédric
72%
Phineas et Ferb
69%
Code Lyoko
68%
Mes parrains sont magiques
68%
Kim Possible
62%
Galactik Football
60%
Adventure Time
57%
Le manège enchanté
41%
Aucun quiz correspondant
Distribution des résultats
% des personnes avec chaque résultat
Percentile par nombre de réponses
Votre historique - résultats
Vous n’avez pas pris ce quiz